000 02144nam a2200289 i 4500
005 20251212125046.0
007 ta
008 200622s2025 000 0 eng d
040 _aCO-CtgCURN
_bspa
_ccoctgcurn
082 0 _aTCS 2025
_bO489
100 1 _aOlivera Miranda, Elías David,
_eauthor.
_4aut
245 1 0 _aSistema de ingresos en la contabilidad en la Ips Gsl ocupacional en el distrito de Cartagena /
_cElías David Olivera Miranda; Esmeralda Silgado Torres; Ricardo Andrés Fuentes Herrera; Asesor: Samir Squivia.
260 _aCartagena de Indias :
_bCorporación Universitaria Rafael Núñez,
_c2025.
300 _a23 hojas.
336 _atext
_btxt
_2rdacontent
337 _aunmediated
_bn
_2rdamedia
338 _avolume
_bnc
_2rdacarrier
502 _aTrabajo de grado (Tecnologo en contabilidad sistematizada). Corporación Universitaria Rafael Núñez. Facultad de Ciencias Administrativas y Contables. Programa de Tecnología en Contabilidad Sistematizada, 2025.
520 8 _a"Por muchos años y décadas Colombia ha pasado por varias transformaciones en el sistema de la salud que ha impactado en cómo se gestionan los recursos a varias ciudades en la ciudad de Cartagena se evidencia la falta de recursos como en el Hospital Local Cartagena de indias presenta estados financieros anuales que permiten observar aspectos clave de su gestión contable y de ingresos un ejemplo, en su publicación más reciente al corte de diciembre de 2024, se incluyen el estado de resultados integral, la situación financiera y el flujo de efectivo, lo cual refleja la transparencia institucional en el ámbito financiero."
650 0 _aContabilidad sistematizada
_xTesis y disertaciones académicas.
700 1 _aSilgado Torres, Esmeralda.
700 1 _aFuentes Herrera, Ricardo Andrés .
700 1 _aSquivia, Samir,
_easesor.
856 7 _uhttps://unicurn.sharepoint.com/:b:/s/biblioteca/IQD7zIwXW0iEQKTaJ2Xhg9nkAaeGrgdaE19lt6VgLCON-nw?e=wBcPtH
_zClick aqui para ver el recurso en texto completo
942 _cTG
_hTCS 2025
_iO489
_aMHC
_bMHC
_2ddc
999 _c50263
_d50263